[Event "DEM U10/U10w 2000"]
[Site "Überlingen GER"]
[Date "2000.06.08"]
[Round "8"]
[White "Baldauf, Marco"]
[Black "Bentz, Matthias"]
[Result "1/2-1/2"]
[Termination "normal"]
[Board "1"]
[WhiteElo "1278"]
[BlackElo "1623"]
[PlyCount "123"]
[WhiteFideId "4688210"]
[EventCountry "GER"]
[EventRounds "11"]
[EventType "swiss"]
[EventDate "2000.06.03"]

1. e4 e6 2. d3 d5 3. Nd2 Nf6 4. g3 c5 5. Bg2 Nc6 6. Ngf3 Be7 7. O-O O-O 8. Re1
b5 9. e5 Nd7 10. Nf1 a5 11. h4 b4 12. N1h2 Ba6 13. h5 a4 14. a3 Bb5 15. Bf4
bxa3 16. bxa3 c4 17. d4 Nb6 18. Qd2 Qe8 19. Bg5 Bxg5 20. Qxg5 Qd8 21. Qd2 Nd7
22. Ng4 Ne7 23. Rab1 Bc6 24. Nh4 Nc8 25. f4 g6 26. hxg6 fxg6 27. Nf3 Qe7 28.
Ng5 Re8 29. Qc3 Na7 30. Qb4 Qxb4 31. Rxb4 Kg7 32. Ne3 h6 33. Nxe6+ Rxe6 34.
Nxd5 Rc8 35. Rxc4 Ree8 36. Ne3 Bxg2 37. Kxg2 Rxc4 38. Nxc4 Nb5 39. d5 Rc8 40.
e6 Nf6 41. Nb6 Rb8 42. Nxa4 Nxd5 43. c4 Ndc3 44. cxb5 Nxa4 45. Rb1 Nc3 46. Rb3
Ne4 47. Re3 Nd6 48. a4 Ra8 49. Rd3 Nf5 50. g4 Ne7 51. Rd7 Kf6 52. Rd4 Kxe6 53.
Kf3 Nc8 54. Rc4 Nd6 55. Rb4 Kd5 56. b6 Kc5 57. b7 Rb8 58. Rb3 Rxb7 59. Rxb7
Nxb7 60. f5 gxf5 61. gxf5 Kd5 62. Kg4 1/2-1/2

[Event "DEM U10/U10w 2000"]
[Site "Überlingen GER"]
[Date "2000.06.08"]
[Round "8"]
[White "Schneider, David"]
[Black "Forchmann, Georg"]
[Result "1/2-1/2"]
[Termination "normal"]
[Board "2"]
[WhiteElo "1421"]
[BlackElo "1214"]
[PlyCount "99"]
[WhiteFideId "4697111"]
[EventCountry "GER"]
[EventRounds "11"]
[EventType "swiss"]
[EventDate "2000.06.03"]

1. e4 e6 2. d4 d5 3. exd5 exd5 4. Nf3 Bd6 5. Nc3 c6 6. Be3 Ne7 7. Bd3 Bf5 8.
O-O O-O 9. Re1 Nd7 10. Nh4 Bxd3 11. Qxd3 Qc7 12. h3 Rfe8 13. Nf5 Nxf5 14. Qxf5
Re6 15. Ne2 Rae8 16. Nc3 Bf4 17. Rf1 Bxe3 18. fxe3 Nb6 19. Rf4 Rxe3 20. Raf1
Re1 21. Qxf7+ Qxf7 22. Rxf7 Rxf1+ 23. Rxf1 Nc4 24. Rb1 Rf8 25. b3 Ne3 26. Rc1
Rf4 27. Ne2 Re4 28. Kf2 Re7 29. Ng3 Kf7 30. c3 Re6 31. Re1 Nc2 32. Rxe6 Kxe6
33. Ke2 Na3 34. Kd3 Nb5 35. a4 Nd6 36. Ke3 Nf5+ 37. Nxf5 Kxf5 38. Kf3 a5 39. b4
axb4 40. cxb4 h5 41. g4+ hxg4+ 42. hxg4+ Kg5 43. Kg3 g6 44. Kf3 Kf6 45. Kf4 g5+
46. Ke3 Ke7 47. Kd3 Kd7 48. b5 cxb5 49. axb5 b6 50. Kc3 1/2-1/2

[Event "DEM U10/U10w 2000"]
[Site "Überlingen GER"]
[Date "2000.06.08"]
[Round "8"]
[White "Kleine, Jannik"]
[Black "Bindrich, Falko"]
[Result "0-1"]
[Termination "normal"]
[Board "3"]
[WhiteElo "1205"]
[BlackElo "1645"]
[PlyCount "50"]
[BlackFideId "4676670"]
[EventCountry "GER"]
[EventRounds "11"]
[EventType "swiss"]
[EventDate "2000.06.03"]

1. d4 Nf6 2. c4 c5 3. Nc3 cxd4 4. Qxd4 Nc6 5. Qd1 b6 6. e3 Bb7 7. Nf3 e6 8. a3
d6 9. Be2 Be7 10. O-O O-O 11. Qc2 a6 12. b4 Rc8 13. Rd1 Nb8 14. Nd2 Qc7 15. Bb2
Nbd7 16. f4 d5 17. Rac1 d4 18. exd4 Qxf4 19. Nb3 Bd6 20. g3 Qg5 21. c5 Bxg3 22.
hxg3 Qxg3+ 23. Kf1 Bg2+ 24. Kg1 Bh3+ 25. Kh1 Qg2# 0-1

[Event "DEM U10/U10w 2000"]
[Site "Überlingen GER"]
[Date "2000.06.08"]
[Round "8"]
[White "Savchenko, Oleksey"]
[Black "Zikeli, Saskia"]
[Result "0-1"]
[Termination "normal"]
[Board "4"]
[WhiteElo "1329"]
[BlackElo "1135"]
[PlyCount "44"]
[WhiteFideId "24611727"]
[BlackFideId "24601543"]
[EventCountry "GER"]
[EventRounds "11"]
[EventType "swiss"]
[EventDate "2000.06.03"]

1. d4 d5 2. c4 e6 3. Nc3 Nf6 4. Bg5 Nbd7 5. e3 c6 6. cxd5 exd5 7. Bd3 Be7 8.
Nf3 O-O 9. Qc2 h6 10. Bh4 Qc7 11. O-O-O b5 12. e4 b4 13. Ne2 dxe4 14. Bxe4 Nxe4
15. Qxe4 Bxh4 16. Nxh4 Nf6 17. Qc2 Bg4 18. f3 Be6 19. Kb1 Qa5 20. Nc1 g5 21.
Nf5 Bxf5 22. Qxf5 Qxf5+ 0-1

[Event "DEM U10/U10w 2000"]
[Site "Überlingen GER"]
[Date "2000.06.08"]
[Round "8"]
[White "Lutz, Bernhard"]
[Black "Schlötzer, Waldemar"]
[Result "1-0"]
[Termination "normal"]
[Board "5"]
[WhiteElo "1113"]
[BlackElo "1199"]
[PlyCount "77"]
[WhiteFideId "24628638"]
[BlackFideId "24602140"]
[EventCountry "GER"]
[EventRounds "11"]
[EventType "swiss"]
[EventDate "2000.06.03"]

1. e4 c5 2. f4 d6 3. Nf3 Nf6 4. Nc3 Nc6 5. d4 cxd4 6. Nxd4 g6 7. Be2 Bg7 8. Be3
O-O 9. Qd2 e6 10. O-O-O Nxd4 11. Bxd4 Bh6 12. Rhf1 e5 13. Bxe5 Ne8 14. Bxd6
Nxd6 15. Qxd6 Qh4 16. g3 Qh3 17. Qe7 Qxh2 18. Rh1 Qxg3 19. Kb1 Bxf4 20. Rxh7
Bg5 21. Rh8+ Kxh8 22. Qxf8+ Kh7 23. Qxf7+ Kh6 24. Qf8+ Kh7 25. Rd6 Bf4 26. Qf7+
Kh6 27. Rf6 Be5 28. Qf8+ Kg5 29. Rf1 Bh3 30. Qe7+ Kh6 31. Rf7 Rh8 32. Rf3 Qe1+
33. Bd1 Bg4 34. Qxe5 Rd8 35. Qf4+ Kh7 36. Qc7+ Rd7 37. Rf7+ Rxf7 38. Qxf7+ Kh6
39. Qf4+ 1-0

[Event "DEM U10/U10w 2000"]
[Site "Überlingen GER"]
[Date "2000.06.08"]
[Round "8"]
[White "Wittmann, Thomas"]
[Black "Müller, Reinhold"]
[Result "1/2-1/2"]
[Termination "normal"]
[Board "6"]
[WhiteElo "1070"]
[BlackElo "1248"]
[PlyCount "81"]
[BlackFideId "24605875"]
[EventCountry "GER"]
[EventRounds "11"]
[EventType "swiss"]
[EventDate "2000.06.03"]

1. e4 c5 2. Nf3 d6 3. d4 cxd4 4. Nxd4 Nf6 5. Nc3 g6 6. Be3 Bg7 7. f3 O-O 8. Qd2
Nc6 9. O-O-O Bd7 10. h4 h5 11. Be2 Ne5 12. Bh6 Rc8 13. Rdf1 Bxh6 14. Qxh6 Qa5
15. Nb3 Qc7 16. Kb1 Nc4 17. Bxc4 Qxc4 18. Qe3 b5 19. Qd3 Qxd3 20. cxd3 a6 21.
Rc1 Be6 22. Nd2 d5 23. a3 dxe4 24. dxe4 Rfd8 25. Nf1 Bc4 26. Ne3 Rd2 27. Rhd1
Rcd8 28. Rxd2 Rxd2 29. Rd1 Rxd1+ 30. Ncxd1 Bd3+ 31. Kc1 Ne8 32. Kd2 Bc4 33.
Nxc4 bxc4 34. Ne3 Nd6 35. Kc3 f5 36. Nxc4 fxe4 37. Nxd6 exf3 38. gxf3 exd6 39.
Kd4 Kf7 40. f4 Ke6 41. b4 1/2-1/2

[Event "DEM U10/U10w 2000"]
[Site "Überlingen GER"]
[Date "2000.06.08"]
[Round "8"]
[White "Fischer, Sven"]
[Black "Mandery, Markus"]
[Result "0-1"]
[Termination "normal"]
[Board "7"]
[WhiteElo "1028"]
[BlackElo "1454"]
[PlyCount "90"]
[BlackFideId "24607126"]
[EventCountry "GER"]
[EventRounds "11"]
[EventType "swiss"]
[EventDate "2000.06.03"]

1. d4 Nf6 2. c4 e6 3. Nc3 Bb4 4. Qc2 d6 5. Bg5 Nbd7 6. e3 Bxc3+ 7. Qxc3 b6 8.
Bd3 Bb7 9. f3 h6 10. Bh4 g5 11. Bf2 Qe7 12. e4 Rg8 13. d5 e5 14. h3 Nh5 15. g4
Nf4 16. Ne2 Qf6 17. Ng3 Ng2+ 18. Ke2 Nh4 19. Nf5 Ng6 20. Kd2 Nf4 21. b4 a5 22.
b5 Bc8 23. Bc2 Nc5 24. Bxc5 dxc5 25. a4 Bxf5 26. exf5 O-O-O 27. Be4 h5 28. Kc2
Ne2 29. Qe3 Nd4+ 30. Kb2 hxg4 31. hxg4 Rh8 32. Qf2 Rxh1 33. Rxh1 Rh8 34. Rh2
Rh6 35. Ka3 Qh8 36. Rxh6 Qxh6 37. Qe3 Qh1 38. Kb2 Qg2+ 39. Ka3 Qf1 40. Kb2 f6
41. Qc3 Qd1 42. Ka2 Qxa4+ 43. Kb2 Qb4+ 44. Qxb4 cxb4 45. Ka2 Kd7 0-1

[Event "DEM U10/U10w 2000"]
[Site "Überlingen GER"]
[Date "2000.06.08"]
[Round "8"]
[White "Geilfuss, Albert"]
[Black "Körnlein, Daniel"]
[Result "0-1"]
[Termination "normal"]
[Board "8"]
[WhiteElo "1297"]
[BlackElo "1004"]
[PlyCount "60"]
[EventCountry "GER"]
[EventRounds "11"]
[EventType "swiss"]
[EventDate "2000.06.03"]

1. e4 c5 2. Nf3 Nc6 3. Bb5 Nf6 4. d3 a6 5. Bxc6 bxc6 6. Nc3 d5 7. e5 Nd7 8. O-O
g6 9. Re1 Nb6 10. Bf4 h6 11. h3 g5 12. Bg3 g4 13. hxg4 Bxg4 14. d4 cxd4 15.
Qxd4 Bxf3 16. gxf3 e6 17. Bh4 Qc7 18. Bf6 Rg8+ 19. Kf1 Nd7 20. Qf4 Nxf6 21.
Qxf6 Rg6 22. Qh4 Be7 23. Qa4 h5 24. f4 h4 25. Ke2 Qb6 26. b3 Bb4 27. Kd3 d4 28.
a3 Bxc3 29. Rg1 Bxa1 30. Rxa1 Qb5+ 0-1

[Event "DEM U10/U10w 2000"]
[Site "Überlingen GER"]
[Date "2000.06.08"]
[Round "8"]
[White "Wortmann, Jonas"]
[Black "Hofmann, Christine"]
[Result "1-0"]
[Termination "normal"]
[Board "9"]
[WhiteElo "1184"]
[BlackElo "966"]
[PlyCount "67"]
[WhiteFideId "24628069"]
[EventCountry "GER"]
[EventRounds "11"]
[EventType "swiss"]
[EventDate "2000.06.03"]

1. c4 c6 2. g3 d5 3. Bg2 Nf6 4. Qc2 e5 5. Nf3 Bd6 6. O-O O-O 7. b3 Be6 8. d3
Nbd7 9. Bb2 Qc7 10. Nbd2 c5 11. Ng5 Bg4 12. f3 Bf5 13. g4 h6 14. Nxf7 Rxf7 15.
gxf5 e4 16. cxd5 Bxh2+ 17. Kh1 Nxd5 18. fxe4 Ne3 19. Qc3 Nxf1 20. Rxf1 Raf8 21.
Nf3 Bd6 22. e5 Be7 23. e6 Rf6 24. exd7 Qxd7 25. Qc4+ R6f7 26. Ne5 Qd6 27. Nxf7
Rxf7 28. Qd5 Qc7 29. Qe6 Kf8 30. Bd5 Bg5 31. Be5 Qe7 32. Bd6 Ke8 33. Bxe7 Rxe7
34. Qc8# 1-0

[Event "DEM U10/U10w 2000"]
[Site "Überlingen GER"]
[Date "2000.06.08"]
[Round "8"]
[White "Seyb, Alexander"]
[Black "Ohme, Melanie"]
[Result "0-1"]
[Termination "normal"]
[Board "12"]
[WhiteElo "1052"]
[BlackElo "1121"]
[PlyCount "86"]
[WhiteFideId "4699033"]
[BlackFideId "4690745"]
[EventCountry "GER"]
[EventRounds "11"]
[EventType "swiss"]
[EventDate "2000.06.03"]

1. e4 c5 2. c3 d6 3. d4 cxd4 4. cxd4 Nf6 5. Nc3 g6 6. Bd3 Bg7 7. Nf3 O-O 8. O-O
Nc6 9. a3 Bg4 10. Be3 Nd7 11. Be2 Nb6 12. h3 Bxf3 13. Bxf3 Nc4 14. Ne2 Qb6 15.
Qc2 N6a5 16. b4 Nxe3 17. fxe3 Nc6 18. Rac1 e5 19. Rfd1 exd4 20. exd4 Nxd4 21.
Nxd4 Bxd4+ 22. Kh1 Be3 23. Rb1 Rac8 24. Qd3 Bf4 25. Bg4 Rc7 26. Qf3 Be5 27. Rf1
Rc3 28. Qd1 Rxa3 29. Qd5 Qc6 30. Be6 Qxd5 31. Bxd5 b6 32. Rf2 Kg7 33. Rbf1 f6
34. Rc2 Ra4 35. Rc7+ Kh8 36. Rfc1 f5 37. exf5 Rxf5 38. Rc8+ Kg7 39. R8c7+ Kh6
40. Bg8 Bg7 41. Rd7 Rxb4 42. h4 Rxh4+ 43. Kg1 Bd4# 0-1

[Event "DEM U10/U10w 2000"]
[Site "Überlingen GER"]
[Date "2000.06.08"]
[Round "8"]
[White "Beck, Frederik"]
[Black "Stock, Lara"]
[Result "1/2-1/2"]
[Termination "normal"]
[Board "13"]
[WhiteElo "969"]
[BlackElo "1114"]
[PlyCount "38"]
[WhiteFideId "4687388"]
[EventCountry "GER"]
[EventRounds "11"]
[EventType "swiss"]
[EventDate "2000.06.03"]

1. e4 d5 2. exd5 Qxd5 3. Nc3 Qa5 4. Nf3 Bg4 5. Be2 Nf6 6. d4 c6 7. Be3 e6 8.
O-O Nbd7 9. h3 Bh5 10. Nd2 Bxe2 11. Qxe2 Bd6 12. Nc4 Qc7 13. Nxd6+ Qxd6 14.
Rfd1 O-O 15. Na4 Rad8 16. Nc5 Qc7 17. Nxd7 Rxd7 18. c3 Qa5 19. a4 Re8 1/2-1/2

[Event "DEM U10/U10w 2000"]
[Site "Überlingen GER"]
[Date "2000.06.08"]
[Round "8"]
[White "Szczap, Arthur"]
[Black "Lubbe, Nikolas"]
[Result "0-1"]
[Termination "normal"]
[Board "14"]
[WhiteElo "925"]
[BlackElo "1110"]
[PlyCount "60"]
[WhiteFideId "24637394"]
[BlackFideId "4694031"]
[EventCountry "GER"]
[EventRounds "11"]
[EventType "swiss"]
[EventDate "2000.06.03"]

1. e4 c5 2. Nf3 Nc6 3. d4 cxd4 4. Nxd4 g6 5. Nc3 Bg7 6. Be3 Nf6 7. Be2 O-O 8.
O-O d5 9. exd5 Nxd5 10. Nxc6 bxc6 11. Nxd5 cxd5 12. c3 e6 13. Qc2 Qc7 14. Rad1
Bb7 15. h3 Rfd8 16. Rd2 f5 17. Rdd1 f4 18. Bd2 e5 19. Rfe1 e4 20. f3 e3 21. Bc1
Kh8 22. c4 Rac8 23. b3 Qe7 24. Bb2 d4 25. Bd3 Re8 26. Re2 Red8 27. Qc1 Qg5 28.
Rf1 a5 29. Qe1 Bf8 30. Qxa5 Qxa5 0-1

[Event "DEM U10/U10w 2000"]
[Site "Überlingen GER"]
[Date "2000.06.08"]
[Round "8"]
[White "Schmidt, David"]
[Black "Gorodetski, Boris"]
[Result "0-1"]
[Termination "normal"]
[Board "15"]
[WhiteElo "1078"]
[BlackElo "311"]
[PlyCount "110"]
[EventCountry "GER"]
[EventRounds "11"]
[EventType "swiss"]
[EventDate "2000.06.03"]

1. e4 c5 2. Nf3 e6 3. d4 cxd4 4. Nxd4 Qb6 5. b3 Bc5 6. c3 Nc6 7. Be3 Nxd4 8.
Bxd4 Bxd4 9. Qxd4 Qxd4 10. cxd4 Nf6 11. Bd3 b6 12. O-O O-O 13. Nd2 Bb7 14. Rac1
Rfc8 15. Rc4 Rxc4 16. bxc4 Rc8 17. f3 d5 18. cxd5 exd5 19. exd5 Bxd5 20. Bb1
Kf8 21. Re1 Rc3 22. Kf2 Be6 23. Re3 Rxe3 24. Kxe3 Ke7 25. a3 Kd6 26. Kd3 Bf5+
27. Kc4 Bxb1 28. Nxb1 Kc6 29. Nc3 a6 30. a4 h6 31. h3 g6 32. Ne4 Nd5 33. Nc3
Ne3+ 34. Kd3 Nxg2 35. Ke4 Kd6 36. d5 f5+ 37. Kd4 Nf4 38. h4 g5 39. h5 Nxh5 40.
Ne4+ fxe4 41. fxe4 Nf4 42. e5+ Kd7 43. Ke4 Nxd5 44. Kxd5 g4 45. Ke4 Ke6 46. Kf4
b5 47. Kxg4 Kxe5 48. Kh5 bxa4 49. Kxh6 a3 50. Kh7 a2 51. Kh8 a1=Q 52. Kg8 Qf1
53. Kh8 Qg2 54. Kh7 Kf6 55. Kh8 Qg7# 0-1

[Event "DEM U10/U10w 2000"]
[Site "Überlingen GER"]
[Date "2000.06.08"]
[Round "8"]
[White "Friedrich, Jan"]
[Black "Katte, Nicolas"]
[Result "0-1"]
[Termination "normal"]
[Board "16"]
[WhiteElo "821"]
[BlackElo "1148"]
[PlyCount "54"]
[WhiteFideId "24659452"]
[BlackFideId "24614149"]
[EventCountry "GER"]
[EventRounds "11"]
[EventType "swiss"]
[EventDate "2000.06.03"]

1. e4 e5 2. Nf3 Nf6 3. d4 Nxe4 4. Bd3 Nf6 5. dxe5 Nd5 6. O-O Nc6 7. Re1 Bc5 8.
Bc4 Nb6 9. Bb3 O-O 10. Qd3 d6 11. Ng5 g6 12. e6 fxe6 13. Bxe6+ Bxe6 14. Nxe6
Bxf2+ 15. Kh1 Qe7 16. Qb3 Bxe1 17. Nxc7+ Kh8 18. h3 Qxc7 19. Be3 Rf1+ 20. Bg1
Bf2 21. Qc3+ Kg8 22. Qf3 Rxg1+ 23. Kh2 d5+ 24. g3 Qxg3+ 25. Qxg3 Rxg3 26. Nd2
Re8 27. Rf1 Re2 0-1

[Event "DEM U10/U10w 2000"]
[Site "Überlingen GER"]
[Date "2000.06.08"]
[Round "8"]
[White "Fink, Leander"]
[Black "Rudolf, Sebastian"]
[Result "1/2-1/2"]
[Termination "normal"]
[Board "17"]
[WhiteElo "712"]
[BlackElo "1063"]
[PlyCount "87"]
[WhiteFideId "24605247"]
[BlackFideId "24609390"]
[EventCountry "GER"]
[EventRounds "11"]
[EventType "swiss"]
[EventDate "2000.06.03"]

1. e4 c5 2. Nf3 d6 3. d4 cxd4 4. Nxd4 Nf6 5. f3 Qb6 6. Nc3 a6 7. Bd2 Qxd4 8.
Bd3 Bd7 9. Qe2 Qb6 10. O-O-O g6 11. Be3 Qc7 12. g4 Bg7 13. h4 O-O 14. h5 b5 15.
Qd2 Rd8 16. Bh6 Bh8 17. hxg6 fxg6 18. g5 Nh5 19. Nd5 Qb7 20. Nxe7+ Kf7 21. Nd5
Be6 22. Be2 Bxd5 23. exd5 Be5 24. Rh4 Bg7 25. Bxg7 Kxg7 26. f4 Ng3 27. Bg4 Nf5
28. Bxf5 gxf5 29. Qc3+ Kg8 30. Qf6 Rf8 31. Qxd6 Qd7 32. Qh6 Qg7 33. Qe6+ Qf7
34. Qh6 Qg6 35. d6 Rd8 36. Rh3 Qxh6 37. Rxh6 Ra7 38. g6 hxg6 39. Rxg6+ Kf7 40.
Rh6 Rad7 41. Rd5 Kg7 42. Re6 Nc6 43. c3 Kf7 44. Rh6 1/2-1/2

[Event "DEM U10/U10w 2000"]
[Site "Überlingen GER"]
[Date "2000.06.08"]
[Round "8"]
[White "Rath, Oliver"]
[Black "Bömelburg, Raphael"]
[Result "1-0"]
[Termination "normal"]
[Board "18"]
[WhiteElo "332"]
[BlackElo "1009"]
[PlyCount "93"]
[WhiteFideId "24610380"]
[BlackFideId "24692441"]
[EventCountry "GER"]
[EventRounds "11"]
[EventType "swiss"]
[EventDate "2000.06.03"]

1. d4 d5 2. c4 Nc6 3. Nf3 Bg4 4. Nc3 Nf6 5. Bg5 e6 6. e3 Bb4 7. h3 Bf5 8. a3
Bxc3+ 9. bxc3 h6 10. Bxf6 Qxf6 11. Bd3 O-O 12. cxd5 exd5 13. Bxf5 Qxf5 14. O-O
Rfe8 15. Qb1 Qxb1 16. Raxb1 b6 17. Rb5 Ne7 18. Rc1 c6 19. Rb4 Nf5 20. c4 Nd6
21. cxd5 cxd5 22. Ne5 f6 23. Nc6 Nc4 24. Rb3 a6 25. Nb4 Red8 26. Nxd5 Rxd5 27.
Rxc4 Rd6 28. g4 Rb8 29. a4 Rdd8 30. Rc6 b5 31. axb5 Rxb5 32. Rxb5 axb5 33. Rc1
b4 34. Rb1 Rb8 35. Kf1 Kf8 36. Ke2 Ke7 37. Kd3 Kd6 38. Kc4 Rc8+ 39. Kd3 Rb8 40.
f3 g6 41. e4 f5 42. d5 Ke5 43. Ke3 f4+ 44. Kd3 g5 45. Ra1 Rb7 46. Ra6 Rb8 47.
Re6# 1-0

[Event "DEM U10/U10w 2000"]
[Site "Überlingen GER"]
[Date "2000.06.08"]
[Round "8"]
[White "Weiß, Katharina"]
[Black "Fuchs, Judith"]
[Result "0-1"]
[Termination "normal"]
[Board "19"]
[WhiteElo "897"]
[BlackElo "727"]
[PlyCount "46"]
[WhiteFideId "24692859"]
[BlackFideId "24605611"]
[EventCountry "GER"]
[EventRounds "11"]
[EventType "swiss"]
[EventDate "2000.06.03"]

1. e4 c5 2. Nf3 d6 3. d4 cxd4 4. Nxd4 Nc6 5. Be3 Nf6 6. Nc3 g6 7. Be2 Bg7 8.
O-O e6 9. Qd2 a6 10. Rad1 d5 11. exd5 Nxd5 12. Nxd5 Qxd5 13. Nxc6 Qxd2 14. Rxd2
bxc6 15. b3 O-O 16. Bc5 Re8 17. Rfd1 Be5 18. Rd8 Rxd8 19. Rxd8+ Kg7 20. Bxa6
Rxa6 21. Rxc8 Rxa2 22. Bf8+ Kf6 23. Rxc6 Ra1# 0-1

[Event "DEM U10/U10w 2000"]
[Site "Überlingen GER"]
[Date "2000.06.08"]
[Round "8"]
[White "Mucha, Annegret"]
[Black "Müller, Jan Hendrik"]
[Result "0-1"]
[Termination "normal"]
[Board "21"]
[WhiteElo "485"]
[BlackElo "1144"]
[PlyCount "88"]
[WhiteFideId "24622788"]
[BlackFideId "24615048"]
[EventCountry "GER"]
[EventRounds "11"]
[EventType "swiss"]
[EventDate "2000.06.03"]

1. e4 e5 2. Nf3 Nc6 3. Bc4 Bc5 4. c3 Nf6 5. d4 exd4 6. cxd4 Bb4+ 7. Nc3 Nxe4 8.
O-O Bxc3 9. d5 Ne5 10. bxc3 Nxc4 11. Qd4 Nf6 12. Re1+ Kf8 13. Qxc4 d6 14. Bg5
h6 15. Bh4 g5 16. Bg3 Rg8 17. h3 h5 18. Re3 h4 19. Bh2 g4 20. hxg4 Rxg4 21. Qd3
Qd7 22. Ne1 h3 23. Rxh3 Rxg2+ 24. Kxg2 Qxh3+ 25. Qxh3 Bxh3+ 26. Kxh3 Nxd5 27.
c4 Nc3 28. a3 Re8 29. Nd3 Re2 30. Kg4 Rd2 31. Nf4 a6 32. Kf3 Rd4 33. Ne2 Rd3+
34. Kf4 Nxe2+ 35. Ke4 Rc3 36. f3 Rxc4+ 37. Kd3 Rh4 38. Kxe2 Rxh2+ 39. Kd3 c5
40. Kc4 Ke7 41. Re1+ Kd7 42. f4 Rf2 43. Re4 Kc6 44. a4 d5+ 0-1

[Event "DEM U10/U10w 2000"]
[Site "Überlingen GER"]
[Date "2000.06.08"]
[Round "8"]
[White "Prum, Alexander"]
[Black "Herkt, Laura"]
[Result "1/2-1/2"]
[Termination "normal"]
[Board "22"]
[WhiteElo "351"]
[BlackElo "924"]
[PlyCount "106"]
[EventCountry "GER"]
[EventRounds "11"]
[EventType "swiss"]
[EventDate "2000.06.03"]

1. d4 d5 2. c4 e6 3. Nc3 Nf6 4. Bg5 Be7 5. e3 h6 6. Bh4 O-O 7. Bd3 Nfd7 8. Bxe7
Qxe7 9. cxd5 exd5 10. Nxd5 Qd6 11. Nc3 Qb4 12. Qc2 Nf6 13. Nf3 Nc6 14. a3 Qd6
15. O-O b6 16. Ne4 Nxe4 17. Bxe4 Bb7 18. Rac1 Nd8 19. Bxb7 Nxb7 20. Qxc7 Qxc7
21. Rxc7 Nd6 22. Rfc1 Ne4 23. Re7 Nf6 24. e4 Rfd8 25. Rd1 a6 26. Ne1 b5 27. f3
Nd7 28. f4 Kf8 29. Rxd7 Rxd7 30. d5 Rc8 31. e5 Rc5 32. d6 Rc6 33. Rd2 f6 34.
Nd3 g6 35. g3 Rd8 36. Nb4 Rc1+ 37. Kg2 fxe5 38. fxe5 a5 39. Nd5 Re1 40. Nf4 Kf7
41. e6+ Rxe6 42. Nxe6 Kxe6 43. Kf3 Rxd6 44. Rxd6+ Kxd6 45. Kf4 Kd5 46. g4 Ke6
47. h4 Kf6 48. g5+ hxg5+ 49. hxg5+ Ke6 50. b3 Kd5 51. b4 a4 52. Ke3 Ke5 53. Kd3
Kd5 1/2-1/2

[Event "DEM U10/U10w 2000"]
[Site "Überlingen GER"]
[Date "2000.06.08"]
[Round "8"]
[White "Erben, Larissa"]
[Black "Miclea, Sebastian"]
[Result "1-0"]
[Termination "normal"]
[Board "23"]
[WhiteElo "918"]
[BlackElo "638"]
[PlyCount "41"]
[WhiteFideId "24634590"]
[EventCountry "GER"]
[EventRounds "11"]
[EventType "swiss"]
[EventDate "2000.06.03"]

1. e4 c5 2. Nf3 Nc6 3. Nc3 Nf6 4. Bc4 g6 5. d3 Bg7 6. Be3 O-O 7. Bxc5 d6 8. Be3
a6 9. O-O e6 10. a3 b5 11. Ba2 Bb7 12. d4 Ng4 13. d5 Nxe3 14. fxe3 Ne7 15. dxe6
fxe6 16. Bxe6+ Kh8 17. Ng5 h6 18. Nf7+ Rxf7 19. Rxf7 Bxc3 20. bxc3 Bxe4 21.
Qd4+ 1-0

[Event "DEM U10/U10w 2000"]
[Site "Überlingen GER"]
[Date "2000.06.08"]
[Round "8"]
[White "Günther, Christian"]
[Black "Laake, Tamara"]
[Result "1-0"]
[Termination "normal"]
[Board "24"]
[WhiteElo "877"]
[BlackElo "492"]
[PlyCount "125"]
[WhiteFideId "24659380"]
[EventCountry "GER"]
[EventRounds "11"]
[EventType "swiss"]
[EventDate "2000.06.03"]

1. e4 e5 2. Nf3 Nc6 3. Bc4 Bc5 4. d3 d6 5. Ng5 Nh6 6. O-O O-O 7. Nf3 Ng4 8. h3
Nf6 9. Bg5 h6 10. Bh4 Be6 11. Bb3 Bxb3 12. axb3 Qe7 13. Nc3 Qe6 14. Bxf6 Qxf6
15. Nd5 Qd8 16. c3 Ne7 17. b4 Nxd5 18. bxc5 Nf6 19. cxd6 Qxd6 20. Qe2 Nh5 21.
Qe3 Nf4 22. Ra2 Qg6 23. Nh4 Qe6 24. Rxa7 Rxa7 25. Qxa7 Nxd3 26. Qxb7 Qe7 27.
Nf5 Qg5 28. g3 Nf4 29. h4 Ne2+ 30. Kg2 Qd2 31. Qxc7 Qxb2 32. Qxe5 Qxc3 33. Qxc3
Nxc3 34. f3 Rd8 35. Rc1 Ne2 36. Rc2 Nd4 37. Rd2 Nc6 38. Rxd8+ Nxd8 39. Kh3 g6
40. Nxh6+ Kg7 41. Ng4 Ne6 42. Ne3 Nd4 43. f4 Nf3 44. Kg4 Nh2+ 45. Kh3 Nf3 46.
g4 Ng1+ 47. Kg2 Ne2 48. f5 gxf5 49. exf5 Nf4+ 50. Kf3 Nd3 51. g5 Ne5+ 52. Ke4
Nd7 53. h5 Nf8 54. h6+ Kh7 55. Ng4 Nd7 56. Kd5 Nb6+ 57. Ke5 Nc4+ 58. Kf6 Nd6
59. Ke5 Nc8 60. Nf6+ Kh8 61. g6 fxg6 62. fxg6 Nd6 63. g7# 1-0

[Event "DEM U10/U10w 2000"]
[Site "Überlingen GER"]
[Date "2000.06.08"]
[Round "8"]
[White "Chyzynski, David"]
[Black "Müller, Jonathan"]
[Result "1/2-1/2"]
[Termination "normal"]
[Board "26"]
[WhiteElo "793"]
[BlackElo "487"]
[PlyCount "60"]
[WhiteFideId "12956155"]
[EventCountry "GER"]
[EventRounds "11"]
[EventType "swiss"]
[EventDate "2000.06.03"]

1. e4 c5 2. Nf3 Nc6 3. Nc3 d6 4. Bb5 Bd7 5. O-O g6 6. d3 Bg7 7. Bc4 Nf6 8. Be3
a6 9. Qd2 O-O 10. Bh6 Ng4 11. Bg5 b5 12. Bd5 Rb8 13. Ne2 Nce5 14. Nxe5 Bxe5 15.
f4 Bg7 16. f5 Kh8 17. h3 Ne5 18. c3 Qe8 19. d4 cxd4 20. cxd4 Nc4 21. Bxc4 bxc4
22. Ng3 Bb5 23. Rfe1 Qd7 24. Rac1 Qa7 25. Be3 Rb7 26. e5 Qb8 27. Bh6 Rg8 28.
Bxg7+ Rxg7 29. f6 exf6 30. exf6 Rg8 1/2-1/2

[Event "DEM U10/U10w 2000"]
[Site "Überlingen GER"]
[Date "2000.06.08"]
[Round "8"]
[White "Fischer, Patrick"]
[Black "Nekrassowa, Katja"]
[Result "0-1"]
[Termination "normal"]
[Board "28"]
[WhiteElo "649"]
[BlackElo "361"]
[PlyCount "94"]
[EventCountry "GER"]
[EventRounds "11"]
[EventType "swiss"]
[EventDate "2000.06.03"]

1. c4 c6 2. Nc3 d5 3. cxd5 cxd5 4. d4 e6 5. g3 f5 6. f4 Nf6 7. Nf3 Bd6 8. Nb5
O-O 9. Nxd6 Qxd6 10. Bg2 Nbd7 11. O-O b6 12. Ne5 Ne4 13. a3 Bb7 14. Qa4 Nxe5
15. fxe5 Qe7 16. Qb4 Qxb4 17. axb4 h6 18. Be3 Ng5 19. Bxg5 hxg5 20. Ra2 f4 21.
gxf4 gxf4 22. Bh3 Bc8 23. Rfa1 a6 24. b5 a5 25. b4 f3 26. exf3 Rxf3 27. Bg2 Rd3
28. bxa5 bxa5 29. Rxa5 Rxa5 30. Rxa5 Rxd4 31. Ra8 Rc4 32. b6 Kh7 33. Rb8 Ba6
34. h3 Rb4 35. Kh2 Kg6 36. Kg3 Kf5 37. b7 Rxb7 38. Rxb7 Bxb7 39. Kf2 Kxe5 40.
Ke2 Ba6+ 41. Kd2 Kd4 42. Bf3 e5 43. Bg4 e4 44. Be2 Bxe2 45. Kxe2 Kc3 46. Ke3
d4+ 47. Ke2 Kc2 0-1